Alien /

Salvato in:
Dettagli Bibliografici
Altri autori: Kotto, Yaphet, (1939-2021), Hurt, John, (1940-2017), Skerritt, Tom, Weaver, Sigourney, Scott, Ridley, Cartwright, Veronica
Natura: Videodisco
Lingua:italiano
Pubblicazione: Novara : De Agostini, c1993
Serie:Il grande cinema del terrore
Tags: Aggiungi Tag
Nessun Tag, puoi essere il primo ad aggiungerne!!

MARC

LEADER 00000ngm a22000007i 4500
001 IT\ICCU\UBO\2256438
003 ItRI
005 20260124182907.0
008 030725s1993 it |||||||||||||||k|||||c
040 |b ita 
041 7 |a ita  |2 ISO-639-2 
082 |a 791.43  |9 CINEMA  |2 19 
130 0 |a Alien <film ; 1979>  |3 IT\ICCU\RAV\0952745 
245 0 0 |a Alien /  |c directed by Ridley Scott ; story by Dan O'Bannon and Ronald Shussett ; screenplay by Dan O'Bannon ; music by Jerry Goldsmith. 
260 |a Novara :  |b De Agostini,  |c c1993 
300 |a 1 videocassetta (VHS) (ca. 112 min.) :  |b col., son 
500 |a Interpreti: Tom Skerritt, Sigourney Weaver, John Hurt, Ian Holm, Veronica Cartwright, Harry Dean Stanton, Yaphet Kotto 
500 |a Ripr. del film del 1979 
700 1 |a Kotto, Yaphet,  |d  (1939-2021)  |0 IT\ICCU\MILV\237425 
700 1 |a Hurt, John,  |d  (1940-2017)  |0 IT\ICCU\RAVV\088790 
700 1 |a Skerritt, Tom  |0 IT\ICCU\RAVV\092642 
700 1 |a Weaver, Sigourney  |0 IT\ICCU\RAVV\092643 
700 1 |a Scott, Ridley  |0 IT\ICCU\TO0V\074955 
700 1 |a Cartwright, Veronica  |0 IT\ICCU\UBOV\642524 
790 1 |a Kotto, Yaphet Frederick,  |d  (1939-2021)  |3 IT\ICCU\SBNV\075032  |z Kotto, Yaphet (1939-2021) 
830 3 |a Il grande cinema del terrore  |0 IT\ICCU\URB\0319883 
942 |2 ddc  |c VM  |n 0 
952 |0 0  |1 0  |4 0  |6 VO_1148_000000000000000  |7 0  |9 27674  |a BO  |b BO  |d 2026-01-24  |i 9289  |l 0  |o VO 1148  |p BO9289  |r 2026-01-24 18:29:07  |w 2026-01-24  |x [Sebina 5] [1 videocassetta]  |y VM  |z 1 videocassetta 
999 |c 23457  |d 23457